Learning Resource and Development

AJHP American journal of health-system pharmacy. (Record no. 30953)

MARC details
000 -LEADER
fixed length control field 01122nam a22003017a 4500
003 - CONTROL NUMBER IDENTIFIER
control field CSPC
005 - DATE AND TIME OF LATEST TRANSACTION
control field 20251129131748.0
008 - FIXED-LENGTH DATA ELEMENTS--GENERAL INFORMATION
fixed length control field 251129c2001 mdusr p 00 0 eng d
022 ## - INTERNATIONAL STANDARD SERIAL NUMBER
International Standard Serial Number 1079-2082
040 ## - CATALOGING SOURCE
Original cataloging agency CSPC
Transcribing agency CSPC
Modifying agency rda
Language of cataloging eng
245 00 - TITLE STATEMENT
Title AJHP American journal of health-system pharmacy.
264 ## - PRODUCTION, PUBLICATION, DISTRIBUTION, MANUFACTURE, AND COPYRIGHT NOTICE
Place of production, publication, distribution, manufacture Bethesda, Maryland :
Name of producer, publisher, distributor, manufacturer American Society of Health- System Pharmacist,
Date of production, publication, distribution, manufacture, or copyright notice 2001.
300 ## - PHYSICAL DESCRIPTION
Extent volumes ;
Other physical details illustrations :
Dimensions 27 cm.
336 ## - CONTENT TYPE
Source rdacontent
Content type term text
337 ## - MEDIA TYPE
Source rdamedia
Media type term unmediated
338 ## - CARRIER TYPE
Source rdacarrier
Carrier type term volume
362 ## - DATES OF PUBLICATION AND/OR SEQUENTIAL DESIGNATION
Dates of publication and/or sequential designation Volume 58, Number 12
362 ## - DATES OF PUBLICATION AND/OR SEQUENTIAL DESIGNATION
Dates of publication and/or sequential designation Volume 58, Number 22
490 ## - SERIES STATEMENT
Materials specified Official Journal of the American Society of Health-System Pharmacists.
504 ## - BIBLIOGRAPHY, ETC. NOTE
Bibliography, etc. note Includes bibliographical references.
521 ## - TARGET AUDIENCE NOTE
Target audience note College of Health and Sciences CHS
650 ## - SUBJECT ADDED ENTRY--TOPICAL TERM
Source of heading or term Hospital pharmacies
General subdivision Periodicals.
Geographic subdivision United states
650 ## - SUBJECT ADDED ENTRY--TOPICAL TERM
Source of heading or term Drugs
General subdivision Periodicals.
650 ## - SUBJECT ADDED ENTRY--TOPICAL TERM
Source of heading or term Chemotheraphy
Geographic subdivision Periodicals.
700 1# - ADDED ENTRY--PERSONAL NAME
Personal name Talley C. Richard.,
Relator term editor.
942 ## - ADDED ENTRY ELEMENTS (KOHA)
Source of classification or shelving scheme Dewey Decimal Classification
Suppress in OPAC No
Koha item type Serials
Call number prefix SER
Call number suffix 2001
Holdings
Withdrawn status Lost status Source of classification or shelving scheme Damaged status Not for loan Home library Current library Shelving location Date acquired Serial Enumeration / chronology Total Checkouts Full call number Barcode Date last seen Copy number Price effective from Koha item type Public note
    Dewey Decimal Classification   Not For Loan Main Library Main Library Serials 11/29/2025 June 15 2001 Volume 58, Number 12   Ser NUR 29 v.58 n.12 2001 01378S 11/29/2025 1-1 11/29/2025 Serials Journal
    Dewey Decimal Classification   Not For Loan Main Library Main Library Serials 11/29/2025 November 15 2001 Volume 58, Number 22   Ser NUR 29 v.58 n.22 2001 01379S 11/29/2025 1-1 11/29/2025 Serials Journal